<?xml version="1.0" encoding="UTF-8"?>
<record
    xmlns:xsi="http://www.w3.org/2001/XMLSchema-instance"
    xsi:schemaLocation="http://www.loc.gov/MARC21/slim http://www.loc.gov/standards/marcxml/schema/MARC21slim.xsd"
    xmlns="http://www.loc.gov/MARC21/slim">

  <leader>01649    a2200265   4500</leader>
  <controlfield tag="001">2162214035926770</controlfield>
  <controlfield tag="003">UA-OsUOA</controlfield>
  <controlfield tag="005">20260504115817.0</controlfield>
  <controlfield tag="008">260504b        un co||| |||| 00| pdukr d</controlfield>
  <datafield tag="020" ind1=" " ind2=" ">
    <subfield code="a">9669550092</subfield>
  </datafield>
  <datafield tag="040" ind1=" " ind2=" ">
    <subfield code="a">UA-OsUOA</subfield>
    <subfield code="b">ukr</subfield>
    <subfield code="c">UA-OsUOA</subfield>
    <subfield code="d">UA-OsUOA</subfield>
  </datafield>
  <datafield tag="041" ind1=" " ind2=" ">
    <subfield code="a">ukr</subfield>
  </datafield>
  <datafield tag="080" ind1=" " ind2=" ">
    <subfield code="a">821.161.2</subfield>
  </datafield>
  <datafield tag="090" ind1=" " ind2=" ">
    <subfield code="a">821.161.2</subfield>
    <subfield code="b">&#x412;67</subfield>
  </datafield>
  <datafield tag="100" ind1=" " ind2=" ">
    <subfield code="a">&#x412;&#x43E;&#x43B;&#x438;&#x43D;&#x435;&#x446;&#x44C; &#x41C;.</subfield>
    <subfield code="9">25160</subfield>
  </datafield>
  <datafield tag="245" ind1=" " ind2=" ">
    <subfield code="a">&#x41D;&#x435; &#x432;&#x435;&#x440;&#x442;&#x430;&#x439;&#x442;&#x435;&#x441;&#x44C;, &#x43B;&#x456;&#x442;&#x430; &#x43C;&#x43E;&#x457;...</subfield>
    <subfield code="c">&#x41C;&#x438;&#x445;&#x442;&#x43E;&#x434;&#x44C; &#x412;&#x43E;&#x43B;&#x438;&#x43D;&#x435;&#x446;&#x44C;</subfield>
  </datafield>
  <datafield tag="260" ind1=" " ind2=" ">
    <subfield code="a">&#x416;&#x438;&#x442;&#x43E;&#x43C;&#x438;&#x440;</subfield>
    <subfield code="b">&#x410;&#x421;&#x410;</subfield>
    <subfield code="c">1999</subfield>
  </datafield>
  <datafield tag="300" ind1=" " ind2=" ">
    <subfield code="a">94 &#x441;.</subfield>
  </datafield>
  <datafield tag="490" ind1=" " ind2=" ">
    <subfield code="a">&#x411;&#x456;&#x431;&#x43B;&#x456;&#x43E;&#x442;&#x435;&#x43A;&#x430; &#x436;&#x443;&#x440;&#x43D;&#x430;&#x43B;&#x443; "&#x41A;&#x41E;&#x421;&#x415;&#x41D;&#x42C;"</subfield>
    <subfield code="v">&#x412;&#x438;&#x43F;. 1</subfield>
  </datafield>
  <datafield tag="520" ind1=" " ind2=" ">
    <subfield code="a">&#x41D;&#x430;&#x439;&#x43D;&#x430;&#x441;&#x43D;&#x430;&#x436;&#x43B;&#x438;&#x432;&#x456;&#x448;&#x435; &#x437;&#x456; &#x441;&#x43B;&#x456;&#x432; - &#x442;&#x435;, &#x449;&#x43E; &#x437; &#x432;&#x438;&#x441;&#x442;&#x440;&#x430;&#x436;&#x434;&#x430;&#x43D;&#x438;&#x445;, &#x446;&#x456;&#x43D;&#x43E;&#x44E; &#x43D;&#x435;&#x439;&#x43C;&#x43E;&#x432;&#x456;&#x440;&#x43D;&#x438;&#x445; &#x432;&#x438;&#x43F;&#x440;&#x43E;&#x431;&#x443;&#x432;&#x430;&#x43D;&#x44C; &#x43F;&#x435;&#x440;&#x435;&#x432;&#x456;&#x440;&#x435;&#x43D;&#x438;&#x445;. &#x41F;&#x43E;&#x435;&#x437;&#x456;&#x457; &#x41C;&#x438;&#x445;&#x442;&#x43E;&#x434;&#x44F; &#x412;&#x43E;&#x43B;&#x438;&#x43D;&#x446;&#x44F; &#x442;&#x438;&#x43C; &#x456; &#x43D;&#x435;&#x437;&#x432;&#x438;&#x447;&#x430;&#x439;&#x43D;&#x456;, &#x449;&#x43E; &#x430;&#x432;&#x442;&#x43E;&#x440; &#x43F;&#x43B;&#x435;&#x43A;&#x430;&#x432; &#x457;&#x445; &#x43D;&#x435;&#x440;&#x456;&#x434;&#x43A;&#x43E; &#x43D;&#x430; &#x433;&#x440;&#x430;&#x43D;&#x456; &#x436;&#x438;&#x442;&#x442;&#x44F; &#x456; &#x441;&#x43C;&#x435;&#x440;&#x442;&#x456;, &#x43A;&#x43E;&#x43B;&#x438; &#x437; &#x43F;&#x43E;&#x447;&#x443;&#x442;&#x442;&#x44F;&#x43C;&#x438; &#x43D;&#x435; &#x43B;&#x443;&#x43A;&#x430;&#x432;&#x43B;&#x44F;&#x442;&#x44C;. &#x425;&#x443;&#x434;&#x43E;&#x436;&#x43D;&#x44C;&#x43E;-&#x43F;&#x443;&#x431;&#x43B;&#x456;&#x446;&#x438;&#x441;&#x442;&#x438;&#x447;&#x43D;&#x430; &#x43E;&#x431;&#x440;&#x430;&#x437;&#x43D;&#x456;&#x441;&#x442;&#x44C;, &#x445;&#x430;&#x439;, &#x43C;&#x43E;&#x436;&#x435;, &#x439; &#x441;&#x43F;&#x435;&#x446;&#x438;&#x444;&#x456;&#x447;&#x43D;&#x430;, &#x442;&#x435;&#x436; &#x43D;&#x435; &#x437; &#x440;&#x44F;&#x434;&#x443; &#x43F;&#x43E;&#x43C;&#x456;&#x440;&#x43D;&#x438;&#x445;. &#x406; &#x446;&#x44F; &#x43F;&#x435;&#x43A;&#x447;&#x430; &#x437;&#x431;&#x456;&#x440;&#x43A;&#x430;, &#x434;&#x443;&#x43C;&#x430;&#x454;&#x442;&#x44C;&#x441;&#x44F;, &#x43D;&#x435; &#x43B;&#x438;&#x448;&#x435; &#x441;&#x443;&#x442;&#x43E; &#x43E;&#x441;&#x43E;&#x431;&#x438;&#x441;&#x442;&#x456;&#x441;&#x43D;&#x430;, - &#x442;&#x43E; &#x437;&#x43D;&#x430;&#x447;&#x43D;&#x43E;&#x44E; &#x43C;&#x456;&#x440;&#x43E;&#x44E;, &#x43A;&#x43D;&#x438;&#x433;&#x430; &#x436;&#x438;&#x442;&#x442;&#x44F; &#x447;&#x438; &#x43D;&#x435; &#x446;&#x456;&#x43B;&#x43E;&#x433;&#x43E; &#x43F;&#x43E;&#x43A;&#x43E;&#x43B;&#x456;&#x43D;&#x43D;&#x44F; &#x430;&#x432;&#x442;&#x43E;&#x440;&#x43E;&#x432;&#x438;&#x445; &#x441;&#x443;&#x447;&#x430;&#x441;&#x43D;&#x438;&#x43A;&#x456;&#x432;... </subfield>
  </datafield>
  <datafield tag="650" ind1=" " ind2=" ">
    <subfield code="a">82 &#x41B;&#x456;&#x442;&#x435;&#x440;&#x430;&#x442;&#x443;&#x440;&#x430;. &#x41B;&#x456;&#x442;&#x435;&#x440;&#x430;&#x442;&#x443;&#x440;&#x43E;&#x437;&#x43D;&#x430;&#x432;&#x441;&#x442;&#x432;&#x43E;</subfield>
    <subfield code="9">15</subfield>
  </datafield>
  <datafield tag="942" ind1=" " ind2=" ">
    <subfield code="c">BK</subfield>
    <subfield code="2">udc</subfield>
  </datafield>
  <datafield tag="955" ind1=" " ind2=" ">
    <subfield code="a">3</subfield>
  </datafield>
  <datafield tag="999" ind1=" " ind2=" ">
    <subfield code="c">580637</subfield>
    <subfield code="d">580637</subfield>
  </datafield>
  <datafield tag="952" ind1=" " ind2=" ">
    <subfield code="0">0</subfield>
    <subfield code="1">0</subfield>
    <subfield code="2">udc</subfield>
    <subfield code="4">0</subfield>
    <subfield code="7">0</subfield>
    <subfield code="8">C_Shevchuk_V.</subfield>
    <subfield code="a">101</subfield>
    <subfield code="b">101</subfield>
    <subfield code="d">2026-05-04</subfield>
    <subfield code="e">&#x410;&#x43A;&#x442; &#x2116;24/28.04.2026</subfield>
    <subfield code="g">15.00</subfield>
    <subfield code="i">169894</subfield>
    <subfield code="l">0</subfield>
    <subfield code="o">821.161.2 &#x412;67</subfield>
    <subfield code="p">169894</subfield>
    <subfield code="r">2026-05-04 12:00:00</subfield>
    <subfield code="v">15.00</subfield>
    <subfield code="w">2026-05-04</subfield>
    <subfield code="y">BK</subfield>
    <subfield code="z">&#x417; &#x430;&#x432;&#x442;&#x43E;&#x433;&#x440;&#x430;&#x444;&#x43E;&#x43C; &#x430;&#x432;&#x442;&#x43E;&#x440;&#x430;</subfield>
  </datafield>
</record>
